LEADER 01120nam a2200253 i 4500 001 000000251552 003 CaOOAMICUS 005 20170302000000.0 008 170302s1979 it u000 u ita u 013 $a230457 040 $aSeMil$bita 240 10$aLexicon der Pastoraltheologie.$0(OLS)http://semarc/title/353830 245 10$aDizionario di pastorale /$ca cura di Karl Rahner, Ferdinand Klostermann, Hansjörg Schild, Tullo Goffi. 260 $aBrescia :$bQueriniana,$c1979. 300 $a838 p. ;$c25 cm. 650 4$aTeologia pastorale - Enciclopedie e dizionari.$0(OLS)http://semarc/subject/44757 700 1 $aRahner, Karl,$c.$0(OLS)http://semarc/name/61 700 1 $aGoffi, Tullo,$d<1916-1996>.$0(OLS)http://semarc/name/178 700 1 $aSchild, Hansjörg.$0(OLS)http://semarc/name/44000 850 $aSeMil 852 $aSeMil$W1$xVenegono$y1$m2F VI 17$j201898$B201898$CSeMilBibl$Z2$F216377 $81 961 $aRecupero: Seminario di Seveso 996 $6245$aDizionario di pastorale$9(OLS)http://semarc/title/353829 996 $6260$aBrescia :$bQueriniana$9(OLS)http://semarc/publisher/29615 LEADER 00924nam a2200229 i 4500 001 000000229994 003 CaOOAMICUS 005 20140523000000.0 008 140523s1951 it u000 u ita u 013 $a208896 040 $aSeMil$bita 100 1 $aTondelli, Leone,$d<1893-1953>.$0(OLS)http://semarc/name/8476 245 12$aL'Eucaristia vista da un esegeta /$cLeone Tondelli. 260 $aAlba (CN) :$bPaoline,$cstampa 1951. 300 $a93 p. ;$c22 cm. 490 0 $aBiblica [Paoline]. 2. serie ;$v11 650 4$aEucaristia - Concezione biblica.$0(OLS)http://semarc/subject/7648 830 0$aBiblica. 2. serie ;$v11.$0(OLS)http://semarc/title/28334 850 $aSeMil 852 $aSeMil$W1$xVenegono$y1$m2Z II 12$j180340$B180340$CSeMilBibl$Z2$F191374 $81 996 $6245$aL'Eucaristia vista da un esegeta$9(OLS)http://semarc/title/328824 996 $6260$aAlba (CN) :$bPaoline$9(OLS)http://semarc/publisher/31278